书目信息 |
| 题名: |
基本同调代数(英)
|
|
| 作者: | M.S.Osborne 著 | |
| 分册: | ||
| 出版信息: | 北京 世界图书出版公司 2003 |
|
| 页数: | 395页 | |
| 开本: | 20cm | |
| 丛书名: | ||
| 单 册: | ||
| 中图分类: | O154.2 | |
| 科图分类: | ||
| 主题词: | 代数 , 数论 , 组合数学 | |
| 电子资源: | ||
| ISBN: | 7-5062-5958-3 | |
| 000 | 00560nam0 2200205 450 | |
| 001 | 0732828906 | |
| 005 | 20070903090708.90 | |
| 010 | @a7-5062-5958-3@d¥38.00 | |
| 100 | @a20070903d km y0chiy0120 ea | |
| 101 | 0 | @achi |
| 200 | 1 | @a基本同调代数(英)@Aji ben tong tiao dai shu(ying)@fM.S.Osborne著@FM.S.Osborne zhu |
| 210 | @a北京@c世界图书出版公司@d2003 | |
| 215 | @a395页@d20cm | |
| 606 | 0 | @a代数 |
| 606 | 0 | @a数论 |
| 606 | 0 | @a组合数学 |
| 690 | @aO154.2@v3 | |
| 701 | 0 | @aM.S.Osborne@4著 |
| 801 | 0 | @aCN@bPFT@c20070903 |
| 905 | @a213230@dO154.2@eS316@f1 | |
| 基本同调代数(英)/M.S.Osborne著.-北京:世界图书出版公司,2003 |
| 395页;20cm |
| ISBN 7-5062-5958-3:¥38.00 |
| ● |
| 相关链接 |
|
|
|
|
正题名:基本同调代数(英)
索取号:O154.2/S316
 
预约/预借
| 序号 | 登录号 | 条形码 | 馆藏地/架位号 | 状态 | 备注 |
| 1 | 6704255 | 267042559 | 密集书库-数信学院/ [索取号:O154.2/S316] | 在馆 |